Music Quiz

Random Music or Missing Word Quiz
Score 0/50 Timer 06:00
4 Plays Today
% Correct
Dreams
95.4%
Breath
95.3%
Eclipse
95.1%
Beat
95%
Another
94.8%
Works
94.1%
Red
94.1%
Long
93.7%
Dance
93.7%
Sexual
93.5%
Cuts
92.4%
Under
92.2%
Feeling
92.2%
Uptown
92%
Battlefield
91.8%
Gonna
91.7%
Burning
91.3%
Ages
91.2%
Casbah
91%
Soul
91%
Eileen
90.4%
Standing
89.9%
Blinded
89.9%
Feel
89.3%
Ritz
88.7%
% Correct
Stream
87.7%
Roboto
85.1%
House
85%
Avenue
84.4%
Tonight
82.1%
Strut
82%
Baby
81.4%
Safety
80.8%
Twilight
79.8%
Beauty
79.5%
Laundry
77%
Back
75%
Shy
74.4%
Dutchie
73.9%
Man
73.8%
Heart
72.2%
Night
71.6%
Hot
67.9%
Fascination
67.3%
Crumblin'
65.5%
Church
65.1%
Come
60.7%
Lawyers
54.8%
Moon
51.3%
Log
41%

You're not logged in!

Compare scores with friends on all Sporcle quizzes.
OR
Log In

Sporcle TV

Today on Sporcle TV


Watch our educational content, quiz creation guides, and fun videos on Sporcle TV.

Show Comments

Extras

Top Quizzes Today


Score Distribution

Paid Content

Your Account Isn't Verified!

In order to create a playlist on Sporcle, you need to verify the email address you used during registration. Go to your Sporcle Settings to finish the process.

Report this User

Report this user for behavior that violates our Community Guidelines.

Details: